000 00340nam a22001457a 4500
008 211019b ||||| |||| 00| 0 eng d
020 _a9780810970854
041 _aeng
080 _a574
082 _a574
100 _a10
101 _aMJE
245 _aWorld Changing a User's Guide for the 21st Century
_cSteffen,A
942 _2udc
_cBK
999 _c58272
_d58272